Human Security

Slabý štát neznamená slabú spoločnosť. Ľudská bezpečnosť vs. národná bezpečnosť.

Enregistré dans:
Détails bibliographiques
Auteur principal: Kovalčíková, Naďa
Format: Chapitre de livre
Langue:anglais
Sujets:
Tags: Ajouter un tag
Pas de tags, Soyez le premier à ajouter un tag!

MARC

LEADER 00000nla a2200000 4500
001 0243091
005 20240502083652.3
041 0 |a eng 
044 |a DE 
245 1 0 |a Human Security  |c Naďa Kovalčíková 
520 |a Slabý štát neznamená slabú spoločnosť. Ľudská bezpečnosť vs. národná bezpečnosť. 
610 2 0 |a vzťahy medzinárodné 
610 2 0 |a bezpečnosť 
610 2 0 |a bezpečnosť národná 
610 2 0 |a obyvateľstvo 
610 2 0 |a spoločnosť 
610 2 0 |a konflikty 
100 1 |a Kovalčíková, Naďa